000 00631nam a22001817a 4500
999 _c61093
_d61093
005 20231219112657.0
008 231219s1977 ru ||||| |||| 00| 0 rus d
041 _arus
080 _a572.1/4 И-29
100 _aИди, Мейтленд
_920779
245 _aНедостающее звено /
_cИди Мейтленд.
264 _aМосква:
_bмир,
_c1977.
300 _a160 с.:
_bил.;
_c27 см.
440 _aВозникновение человека
_920780
653 _aანთროპოლოგია
653 _aადამიანის წარმოშობა
942 _2udc
_cᲬᲘᲒᲜᲘ